Into the Unknown - Lyrics - Statistics

General Stats
  • This quiz has been taken 35 times
  • The average score is 33 of 37
Answer Stats
Answer % Correct
Do {you} know me?
100%
I can {hear} you but I won't
100%
There's a {thousand} resons
100%
Which {I} wish would go away
100%
{Into} the unknown?
97%
Into {the} unknown
97%
Some look for {trouble}
97%
{While} others don't
97%
And ignore {your} whispers
93%
Are you here {to} distract me
93%
{Can} you feel me?
93%
Into the {unknown}
93%
I {should} go about my day
93%
Or {are} you someone out there
93%
That longs {to} go
93%
{What} do you want?
93%
{Where} are you going?
93%
Who's a little {bit} like me?
93%
You're not a {voice}
93%
'Cause you've been {keeping} me awake
90%
I'm not were I'm {meant} to be?
90%
So I make a {big} mistake?
90%
And {if} I hear you which I don't
87%
Don't leave me {alone}
87%
Everyone I've ever loved is here {within} these walls
87%
Who knows {deep} down
87%
You're just a {ringing} in my ear
87%
Are you {out} there?
83%
Don't you know {there's} a part of me
83%
Every {day's} a little harder
83%
How do I {follow} you
83%
I'm sorry secret siren, but I'm {blocking} out your calls
83%
{As} I feel my power grow
80%
I'm {spoken} for I fear
77%
Can you {show} me?
73%
I'm afraid of what I'm {risking} if I follow you
70%
I've had my {adventures}, I don't need something new
63%
No matching quizzes found
Score Distribution
Percent of People with Each Score
Percentile by Number Answered
Your Score History
You have not taken this quiz